[Event "POL-ch op."]
[Site "Tarnow"]
[Date "1979.02.22"]
[Round "10"]
[White "Panczyk, Krzysztof"]
[Black "Fronczek, Henryk"]
[Result "1-0"]
[WhiteElo "2340"]
[BlackElo "2305"]
[Annotator "Krzysztof Panczyk"]
[PlyCount "89"]
[EventDate "1979.02.??"]
[EventType "swiss"]
[EventRounds "13"]
[EventCountry "POL"]

1. d4 Nf6 2. c4 c5 3. d5 e6 4. Nc3 exd5 5. cxd5 d6 6. e4 g6 7. Be2 Bg7 8. Nf3
O-O 9. O-O a6 10. a4 Bg4 11. Bg5 h6 12. Bf4 Re8 13. Nd2 Bxe2 14. Qxe2 Nh5 15.
Be3 Nd7 16. g4 Nhf6 17. f3 Qc7 18. Bf4 h5 19. Nc4 Ne5 20. Bxe5 dxe5 21. d6 Qc6
22. a5 Bf8 23. Rad1 Rad8 24. Nd5 Nxd5 25. exd5 Qb5 26. gxh5 Rxd6 $6 27. Nxd6 $6
Qxe2 28. Nxe8 Qb5 (28... Bh6 $5) 29. Nf6+ Kg7 30. Ne4 f5 31. Ng5 Bd6 $2 (31...
gxh5) 32. h6+ Kf6 33. h7 Qe8 34. h4 Kg7 35. Kg2 Qe7 36. Rfe1 Qe8 37. Rd2 Kf6
38. Rde2 Kg7 39. Rxe5 Bxe5 40. Rxe5 Qa4 41. Re7+ Kh8 42. d6 f4 43. Rf7 {Z} Qe8
44. Kh3 c4 45. d7 1-0

[Event "POL-ch sf"]
[Site "Tarnow"]
[Date "1980.12.13"]
[Round "10"]
[White "Panczyk, Krzysztof"]
[Black "Gromek, Jozef"]
[Result "1-0"]
[WhiteElo "2310"]
[BlackElo "2325"]
[PlyCount "57"]
[EventDate "1980.12.??"]
[EventType "swiss"]
[EventRounds "13"]
[EventCountry "POL"]

1. d4 Nf6 2. c4 c5 3. d5 e6 4. Nc3 exd5 5. cxd5 d6 6. e4 g6 7. Nf3 Bg7 8. Be2
O-O 9. O-O Re8 10. Nd2 Nbd7 11. Qc2 Ne5 12. b3 a6 13. a4 g5 14. Rb1 Qe7 15. Re1
h6 {R} 16. Nf1 Ng6 17. Ng3 Nf4 18. Bd2 Rb8 19. Bf3 Qe5 20. Nce2 Nxe2+ 21. Bxe2
b5 22. axb5 axb5 23. b4 c4 24. Bc3 Qf4 25. Qb2 Rxe4 $2 26. Nxe4 Nxe4 27. Bxg7
Qxf2+ 28. Kh1 Qe3 29. Qd4 1-0

[Event "Bialystok"]
[Site "Bialystok"]
[Date "1981.03.19"]
[Round "4"]
[White "Pinkas, Karol"]
[Black "Panczyk, Krzysztof"]
[Result "0-1"]
[WhiteElo "2395"]
[BlackElo "2365"]
[Annotator "Krzysztof Panczyk"]
[PlyCount "82"]
[EventDate "1981.03.??"]
[EventType "tourn"]
[EventRounds "11"]
[EventCountry "POL"]

1. e4 e5 2. Nc3 Nf6 3. f4 d5 4. fxe5 Nxe4 5. Nf3 Be7 6. Qe2 Bf5 7. Nd1 O-O 8.
d3 Ng5 9. Ne3 Nxf3+ 10. Qxf3 Be6 11. Nf5 Nc6 12. Nxe7+ Qxe7 13. Qg3 f6 14. exf6
Qxf6 15. c3 Rae8 16. Be2 Bd7 17. Kd1 Na5 18. Be3 Qe7 19. Kd2 d4 20. cxd4 Qb4+
21. Kc1 Qe7 22. Kd2 Rf6 23. d5 Rg6 24. Qf2 Rxg2 25. Qxg2 Qxe3+ 26. Ke1 Bb5 (
26... Bh3) 27. Rf1 (27. Rg1 g6 28. Kd1) 27... Bxd3 28. Rf2 Nc4 29. Rd1 Nxb2 30.
d6 Bxe2 31. Rxe2 Qc3+ 32. Kf1 Rf8+ 33. Kg1 Qc5+ 34. Kh1 Nxd1 35. d7 Nf2+ 36.
Rxf2 Qc1+ 37. Qg1 Qxg1+ 38. Kxg1 Rd8 39. Rb2 b6 40. Rd2 Kf7 41. Rd4 Ke6 0-1

[Event "POL-chT"]
[Site "Sopot"]
[Date "1982.12.08"]
[Round "8"]
[White "Panczyk, Krzysztof"]
[Black "Sydor, Andrzej"]
[Result "1-0"]
[WhiteElo "2380"]
[BlackElo "2400"]
[PlyCount "95"]
[EventDate "1982.12.??"]
[EventType "team"]
[EventRounds "11"]
[EventCountry "POL"]

1. d4 Nf6 2. c4 e6 3. Nc3 Bb4 4. e3 O-O 5. Bd3 d5 6. Nge2 Nc6 7. cxd5 exd5 8.
Ng3 Re8 9. O-O Bf8 10. a3 Ne7 11. b4 Bd7 12. b5 Nc8 13. Nh5 c6 14. bxc6 Bxc6
15. Nxf6+ Qxf6 16. Qb3 Ne7 17. a4 a6 18. Ba3 Rad8 19. Rfc1 Nf5 20. Bxf8 Kxf8
21. Bxf5 Qxf5 22. Na2 Re6 23. Nb4 Rg6 24. Nxc6 bxc6 25. Qb6 Rdd6 26. Qxa6 Qe4
27. g3 h5 28. Qc8+ Ke7 29. Rab1 Kf6 30. Rb7 h4 31. Rxc6 Rxc6 32. Qxc6+ Kg5 33.
Qc7 h3 34. Qf4+ Qxf4 35. exf4+ Kg4 36. Rb3 Rc6 37. f3+ Kf5 38. Rb1 Ra6 39. Ra1
Ke6 40. g4 Kd6 41. Kf2 Kc6 42. Kg3 Kb6 43. Rb1+ Kc7 44. Rc1+ Kb6 45. Rc5 Rxa4
46. Rxd5 Kc6 47. Rd8 Kc7 48. Rf8 1-0

[Event "Puchar Min. Komunikacji Warszawa op"]
[Site "Warszawa"]
[Date "1983.05.26"]
[Round "9"]
[White "Panczyk, Krzysztof"]
[Black "Adamski, Andrzej"]
[Result "1-0"]
[WhiteElo "2330"]
[BlackElo "2360"]
[Annotator "Krzysztof Panczyk"]
[PlyCount "73"]
[EventDate "1983.05.??"]
[EventType "swiss"]
[EventRounds "11"]
[EventCountry "POL"]

1. d4 d6 2. e4 Nf6 3. Nc3 g6 4. f4 Bg7 5. Nf3 Nc6 6. Be2 O-O 7. O-O a6 8. e5
Nh5 9. d5 Nb8 10. Ng5 f6 11. Nxh7 Kxh7 12. e6 f5 13. Bxh5 gxh5 14. Qxh5+ Bh6
15. Ne4 Qe8 {R} (15... fxe4 16. f5 Rf6 17. Bxh6 Rxh6 18. Qf7+ Kh8 19. f6) 16.
Ng5+ Kg7 17. Qh4 Qg6 18. Rf3 Bxg5 19. fxg5 Bxe6 20. dxe6 Nc6 21. Bd2 Ne5 22.
Bc3 Qxe6 23. Re1 f4 24. Rxf4 Rh8 25. Qg3 Raf8 26. Rxf8 Rxf8 27. Bxe5+ dxe5 28.
Qxe5+ Qxe5 29. Rxe5 Rf7 30. h4 Kg6 31. g3 b6 32. Kg2 Kh5 33. Kh3 Kg6 34. g4 Kg7
35. h5 Rf2 36. Rxe7+ Rf7 {R} 37. Rxf7+ 1-0

[Event "Festiwal PKWN"]
[Site "Naleczow"]
[Date "1983.07.19"]
[Round "10"]
[White "Panczyk, Krzysztof"]
[Black "Jovicic, Milos"]
[Result "1-0"]
[WhiteElo "2355"]
[BlackElo "2410"]
[PlyCount "83"]
[EventDate "1983.07.??"]
[EventType "tourn"]
[EventRounds "13"]
[EventCountry "POL"]
[EventCategory "6"]

1. d4 d5 2. c4 e6 3. Nc3 c5 4. cxd5 cxd4 5. Qxd4 Nc6 6. Qd1 exd5 7. Qxd5 Bd7 8.
e3 Nf6 9. Qd1 Bc5 10. Nf3 Qe7 11. Be2 g5 12. O-O O-O-O 13. b4 Bxb4 14. Qb3 g4
15. Nd4 Nxd4 16. exd4 Be6 17. Qb2 Nd5 18. Nb5 Kb8 19. Bc4 Ka8 20. Bg5 Qxg5 21.
Bxd5 Bxd5 22. Qxb4 Bc6 23. a4 Kb8 24. Qa5 Qd5 25. Qxa7+ Kc8 26. f3 gxf3 27. Qb6
Kb8 28. Qc7+ Ka8 29. Qa5+ Kb8 30. Qc7+ Ka8 31. Rxf3 Rhg8 32. Qa5+ Kb8 33. Qc7+
Ka8 34. Rg3 Rxg3 35. Qa5+ Kb8 36. Qc7+ Ka8 37. Qxg3 Qc4 38. Qe1 Rg8 39. Qa5+
Kb8 40. Qc7+ Ka8 41. Qa5+ Kb8 42. Qa7+ 1-0

[Event "Turniej Wyzwolenia Warszawy"]
[Site "Warszawa"]
[Date "1984.01.10"]
[Round "4"]
[White "Panczyk, Krzysztof"]
[Black "Utasi, Tamas"]
[Result "1-0"]
[WhiteElo "2365"]
[BlackElo "2350"]
[PlyCount "81"]
[EventDate "1984.01.??"]
[EventType "tourn"]
[EventRounds "11"]
[EventCountry "POL"]
[EventCategory "4"]

1. d4 d5 2. c4 c6 3. Nf3 Nf6 4. Nc3 dxc4 5. a4 Bg4 6. Ne5 Bh5 7. g3 e6 8. Bg2
Bb4 9. Nxc4 Nd5 10. Qb3 a5 11. O-O O-O 12. e4 Nf6 13. e5 Nd5 14. Bd2 c5 15. Nd6
Nc6 16. dxc5 Nd4 17. Qc4 Nf3+ 18. Bxf3 Bxf3 19. Qd3 Bxc3 20. bxc3 Bh5 21. Ra2
Qc7 22. Be3 f6 23. Rb2 Rab8 24. exf6 Rxf6 25. Bd4 Rg6 26. Qe4 b6 27. Nc4 Rf8
28. cxb6 Qxc4 29. b7 Nxc3 30. Qe5 Ne2+ 31. Rxe2 Bxe2 32. b8=Q Bxf1 33. Qa7 Rf7
34. Qeb8+ Rf8 35. Qe5 Rf7 36. Qeb8+ Rf8 37. Qbb7 e5 38. Bxe5 Rf7 39. Qbb8+ Rf8
40. Qbb7 Rf7 41. Qaa8+ 1-0

[Event "Puchar Poznania"]
[Site "Poznan"]
[Date "1985.09.15"]
[Round "9"]
[White "Enders, Peter"]
[Black "Panczyk, Krzysztof"]
[Result "0-1"]
[WhiteElo "2365"]
[BlackElo "2405"]
[PlyCount "80"]
[EventDate "1985.09.??"]
[EventType "tourn"]
[EventRounds "11"]
[EventCountry "POL"]
[EventCategory "6"]

1. e4 e5 2. Nf3 Nc6 3. Bb5 a6 4. Ba4 Nf6 5. O-O Be7 6. Re1 b5 7. Bb3 O-O 8. c3
d5 9. exd5 Nxd5 10. Nxe5 Nxe5 11. Rxe5 c6 12. d4 Bd6 13. Re1 Qh4 14. g3 Qh3 15.
Re4 g5 16. Bc2 Bf5 17. Qf3 Bf4 18. Bxf4 gxf4 19. Nd2 Bxe4 20. Bxe4 fxg3 21.
hxg3 Qh6 22. Rd1 Ne7 23. Bc2 f5 24. Bb3+ Kh8 25. Re1 Nd5 26. Bxd5 cxd5 27. Nf1
Rad8 28. Re5 f4 29. g4 Qg6 30. Kg2 Qb1 31. Re7 Rd6 32. Qh3 Qg6 33. Nh2 Re6 34.
Rd7 f3+ 35. Nxf3 Ref6 36. Ne5 Rxf2+ 37. Kg3 Qe4 38. Kh4 Qf4 39. Rxh7+ Kxh7 40.
Qd3+ Qe4 0-1

[Event "POL-chT"]
[Site "Miedzybrodzie Zywieckie"]
[Date "1985.10.24"]
[Round "5"]
[White "Panczyk, Krzysztof"]
[Black "Sydor, Andrzej"]
[Result "1-0"]
[WhiteElo "2405"]
[BlackElo "2350"]
[PlyCount "65"]
[EventDate "1985.10.??"]
[EventType "tourn"]
[EventRounds "11"]
[EventCountry "POL"]

1. d4 d5 2. c4 c6 3. Nf3 Nf6 4. Nc3 e6 5. Bg5 dxc4 6. e4 b5 7. e5 h6 8. Bh4 g5
9. Nxg5 hxg5 10. Bxg5 Be7 11. exf6 Bxf6 12. Bxf6 Qxf6 13. Be2 Na6 14. Bf3 Bb7
15. Nxb5 cxb5 16. Bxb7 Nb4 17. O-O Rd8 18. Qd2 Nd3 19. Qa5 Qxd4 20. Qxb5+ Ke7
21. Qg5+ f6 22. Qg7+ Kd6 23. Qg3+ e5 24. Qf3 Ke7 25. Rad1 Qxb2 26. Ba6 Qd4 27.
Qb7+ Rd7 28. Qc6 e4 29. Bxc4 Qe5 30. h3 Rc7 31. Qd5 Qxd5 32. Bxd5 f5 33. f3 {
czas} 1-0

[Event "Hradec Kralowe 1985/86"]
[Site "Hradec Kralowe"]
[Date "1985.12.29"]
[Round "3"]
[White "Panczyk, Krzysztof"]
[Black "Beil, Zdenek"]
[Result "1-0"]
[WhiteElo "2405"]
[BlackElo "2345"]
[PlyCount "135"]
[EventDate "1985.12.??"]
[EventType "tourn"]
[EventRounds "9"]
[EventCountry "CZE"]

1. d4 d5 2. c4 c6 3. Nf3 Nf6 4. Nc3 Qb6 5. e3 Bg4 6. cxd5 Nxd5 7. Be2 e6 8. O-O
Nd7 9. e4 Nxc3 10. bxc3 Be7 11. Bf4 Qa5 12. Rb1 b6 13. d5 O-O 14. dxc6 Nc5 15.
Nd4 Bxe2 16. Qxe2 Qxc3 17. Rfd1 Rfc8 18. c7 g6 19. Nc6 Bf8 20. Be5 Qa3 21. Nb8
Be7 22. Qd2 Qa4 23. Rb4 Qe8 24. Rd4 Nb7 25. Nd7 f6 26. Bxf6 Rxc7 27. Bxe7 Qxe7
28. e5 Kg7 29. Nf6 Rd8 30. h3 Rxd4 31. Qxd4 h6 32. Qg4 Nc5 33. Qh4 Qf7 34. Rd8
g5 35. Qd4 Re7 36. Rg8+ Qxg8 37. Nxg8 Kxg8 38. Qd6 Kf7 39. Qb8 Kg7 40. g3 Rf7
41. Qe8 Rf5 42. Qd8 Rf8 43. Qd4 Rf3 44. h4 Ra3 45. Qd8 gxh4 46. Qxh4 Rxa2 47.
Qf6+ Kh7 48. Qf7+ Kh8 49. Qf8+ Kh7 50. Qf7+ Kh8 51. Qg6 a5 52. Qxh6+ Kg8 53.
Qg6+ Kf8 54. Qb1 Rd2 55. Qxb6 Rd5 56. f4 a4 57. Qa7 Rd1+ 58. Kg2 Rc1 59. Kh3
Rc3 60. Kh4 Ke8 61. Qa5 Rc2 62. Qa7 Rc3 63. g4 Rc4 64. Kh5 Nd7 65. Qa6 Rxf4 66.
Qxe6+ Kd8 67. Qd6 Ke8 68. Qg6+ 1-0

[Event "POL-ch"]
[Site "Bytom"]
[Date "1986.02.03"]
[Round "2"]
[White "Panczyk, Krzysztof"]
[Black "Sznapik, Aleksander"]
[Result "1-0"]
[WhiteElo "2375"]
[BlackElo "2425"]
[PlyCount "79"]
[EventDate "1986.02.??"]
[EventType "tourn"]
[EventRounds "15"]
[EventCountry "POL"]
[EventCategory "6"]

1. d4 Nf6 2. Nf3 g6 3. c4 Bg7 4. g3 O-O 5. Bg2 d6 6. O-O c5 7. dxc5 dxc5 8. Nc3
Nc6 9. Bf4 Nh5 10. Be3 Nd4 11. Qd2 Bg4 12. Rad1 Bxf3 13. Bxf3 Nxf3+ 14. exf3 b6
15. Qd7 Bxc3 16. bxc3 e6 17. g4 Nf6 18. Qb7 Qc8 19. Qe7 Ne8 20. Bh6 Ng7 21. Qf6
Ne8 22. Qe7 Ng7 23. Rd6 Rd8 24. Rfd1 Rxd6 25. Qxd6 Qb7 26. Kg2 Rf8 27. Qd8 f6
28. Rd7 Rxd8 29. Rxb7 Ne8 30. Rxa7 e5 31. Rb7 Rd6 32. h4 Re6 33. a4 f5 34. Kg3
f4+ 35. Kg2 Nf6 36. Rg7+ Kf8 37. Rxh7+ Ke8 38. Rg7 Nd7 39. Bg5 Nb8 40. Rg8+ 1-0

[Event "POL-ch"]
[Site "Bytom"]
[Date "1986.02.04"]
[Round "3"]
[White "Tomaszewski, Roman"]
[Black "Panczyk, Krzysztof"]
[Result "0-1"]
[WhiteElo "2390"]
[BlackElo "2375"]
[PlyCount "116"]
[EventDate "1986.02.??"]
[EventType "tourn"]
[EventRounds "15"]
[EventCountry "POL"]
[EventCategory "6"]

1. d4 Nf6 2. c4 e6 3. Nc3 c5 4. d5 exd5 5. cxd5 d6 6. e4 g6 7. Bd3 Bg7 8. Nge2
O-O 9. O-O a6 10. a4 Qc7 11. h3 Nbd7 12. f4 Rb8 13. Be3 Re8 14. Ng3 c4 15. Bc2
Nc5 16. Bd4 b5 17. axb5 axb5 18. e5 dxe5 19. fxe5 Rxe5 20. Qf3 Rg5 21. Nge2 Nh5
22. d6 Qd7 23. Bxg7 Kxg7 24. Nf4 Ng3 25. Nfd5 Nxf1 26. Qf6+ Kh6 27. Rxf1 Qe6
28. Qd8 Qe5 29. Qf8+ Qg7 30. Qe7 Bxh3 31. Rxf7 Qd4+ 32. Ne3 Rh8 33. Kh2 Be6 34.
Rf3 Qh4+ 35. Kg1 Qe1+ 36. Nf1 {R} Qe5 37. Re3 Qd4 38. Nxb5 Qxb2 39. Na3 Qd4 40.
Nb5 Qb2 41. Na3 Ra8 42. Nh2 Qa1+ 43. Nf1 Qg7 44. Nxc4 Qxe7 45. dxe7 Re8 46. Ne5
Rxe7 47. Nh2 Ra7 48. Nhf3 Ra1+ 49. Kh2 Rh5+ 50. Kg3 Rc1 51. Nd4 Rg5+ 52. Kf2
Bd5 53. g4 Rxc2+ 54. Nxc2 Rxe5 55. Rxe5 Nd3+ 56. Ke3 Nxe5 57. Kd4 Bb3 58. Na1
Ba4 0-1

[Event "POL-ch"]
[Site "Bytom"]
[Date "1986.02.07"]
[Round "6"]
[White "Panczyk, Krzysztof"]
[Black "Pokojowczyk, Jerzy"]
[Result "1-0"]
[WhiteElo "2375"]
[BlackElo "2380"]
[PlyCount "141"]
[EventDate "1986.02.??"]
[EventType "tourn"]
[EventRounds "15"]
[EventCountry "POL"]
[EventCategory "6"]

1. d4 Nf6 2. c4 e6 3. Nc3 Bb4 4. e3 c5 5. Nge2 cxd4 6. exd4 d5 7. a3 Be7 8. c5
b6 9. b4 O-O 10. g3 a5 11. Rb1 axb4 12. axb4 bxc5 13. dxc5 Nc6 14. Bg2 Rb8 15.
Ba3 Bd7 16. O-O Na7 17. Re1 Ne8 18. Nd4 Nc7 19. Na4 Bf6 20. Nb6 e5 21. Nf3 Bf5
22. Ra1 Nc6 23. Qa4 e4 24. Nh4 Bd7 25. Rad1 Ra8 26. Nxa8 Qxa8 27. Qxa8 Rxa8 28.
Bc1 Nxb4 29. Bxe4 Ba4 30. Bf3 Bxd1 31. Rxd1 Ra5 32. Bd2 Nca6 33. Rb1 Ra1 34.
Rxa1 Bxa1 35. Be2 Bd4 36. c6 Bb6 37. Nf5 Kf8 38. Kg2 g6 39. Bh6+ Ke8 40. Nd6+
Kd8 41. Nxf7+ Ke7 42. Ng5 Nc7 43. Nxh7 Nxc6 44. h4 Ne6 45. Bc1 Ne5 46. Ng5 Nxg5
47. Bxg5+ Ke6 48. f4 Nc4 49. Bd3 Kf7 50. Kf3 Nd2+ 51. Kg4 Ne4 52. Bc2 Ke6 53.
Bh6 Kf7 54. Kf3 Nd2+ 55. Ke2 Nc4 56. f5 gxf5 57. Bxf5 Ne5 58. g4 Kf6 59. Bg5+
Kg7 60. Bf4 Kf6 61. Bg5+ {Z} Kg7 62. Bf4 Kf6 63. Bc8 Nf7 64. g5+ Kg7 65. Kf3
Bc5 66. Be6 d4 67. Kg4 Bb4 68. Bc4 Be7 69. Bxf7 Kxf7 70. Kf5 d3 71. Bd2 1-0

[Event "POL-ch"]
[Site "Bytom"]
[Date "1986.02.15"]
[Round "13"]
[White "Czerwonski, Aleksander"]
[Black "Panczyk, Krzysztof"]
[Result "0-1"]
[WhiteElo "2320"]
[BlackElo "2375"]
[PlyCount "78"]
[EventDate "1986.02.??"]
[EventType "tourn"]
[EventRounds "15"]
[EventCountry "POL"]
[EventCategory "6"]

1. d4 Nf6 2. c4 e6 3. Nf3 c5 4. d5 exd5 5. cxd5 d6 6. Nc3 g6 7. Bg5 Bg7 8. Nd2
h6 9. Bh4 a6 10. e3 b5 11. a4 b4 12. Nce4 g5 13. Bg3 Nxe4 14. Nxe4 O-O 15. Bc4
Nd7 16. Bxd6 Re8 17. Qc2 Nb6 18. Bxc5 Bf5 19. Bd3 b3 20. Qb1 Qxd5 21. Bxb6 Bxe4
22. Bxe4 Rxe4 23. O-O Rg4 24. f3 Rc4 25. Rd1 Qe6 26. Qd3 Bxb2 27. Rab1 Rc2 28.
a5 Rac8 29. Qxa6 Bf6 30. Qd3 R8c3 31. Qb5 Ra2 32. Kh1 Rcc2 33. Qxb3 Qxb3 34.
Rxb3 Rxg2 35. Bc7 Rgc2 36. Rb7 Bc3 37. Rd8+ Kg7 38. Rd1 Bxa5 39. Bxa5 Rxa5 0-1

[Event "POL-ch sf"]
[Site "Gdynia"]
[Date "1987.11.14"]
[Round "7"]
[White "Panczyk, Krzysztof"]
[Black "Pisulinski, Jan"]
[Result "1-0"]
[WhiteElo "2405"]
[BlackElo "2340"]
[PlyCount "107"]
[EventDate "1987.11.??"]
[EventType "swiss"]
[EventRounds "13"]
[EventCountry "POL"]
[Source "ChessBase"]
[SourceDate "1997.11.17"]

1. d4 Nf6 2. c4 c5 3. d5 b5 4. Nd2 bxc4 5. e4 e6 6. dxe6 fxe6 7. e5 Nd5 8. Nxc4
Nc6 9. Bd3 Qh4 10. g3 Qd4 11. Nf3 Qg4 12. h3 Qh5 13. g4 Qf7 14. Ng5 Qg8 15. Ne4
Be7 16. Bd2 g5 17. Ned6+ Kd8 18. Be4 Qg7 19. Qa4 Bxd6 20. exd6 Qd4 21. f3 Ncb4
22. a3 Qxc4 23. axb4 cxb4 24. Qa5+ Ke8 25. Bxd5 exd5 26. Qxb4 Qxb4 27. Bxb4 Kf7
28. Kf2 Bb7 29. Bc3 Rhe8 {R} 30. h4 d4 31. Bxd4 h5 32. gxh5 g4 33. Rhe1 gxf3
34. Re7+ Rxe7 35. dxe7 Rg8 36. h6 Rg2+ 37. Ke3 Re2+ 38. Kd3 Kxe7 39. Rg1 Be4+
40. Kc3 Ke6 41. Rg4 d5 42. Rf4 Rc2+ 43. Kb3 Rh2 44. Bxa7 Rd2 45. Rxf3 Rh2 46.
Rf4 Rh3+ 47. Kb4 Bc2 48. Bd4 Rb3+ 49. Kc5 Rb7 50. Rf6+ Ke7 51. Rb6 Rxb6 52.
Kxb6 Kd6 53. b4 Bd3 54. b5 1-0

[Event "POL-chT Krynica"]
[Site "Krynica"]
[Date "1988.10.07"]
[Round "7"]
[White "Panczyk, Krzysztof"]
[Black "Sygulski, Artur"]
[Result "1-0"]
[WhiteElo "2415"]
[BlackElo "2360"]
[PlyCount "89"]
[EventDate "1988.10.??"]
[EventType "team"]
[EventRounds "11"]
[EventCountry "POL"]

1. d4 Nf6 2. c4 d6 3. Nf3 Nbd7 4. Nc3 e5 5. e4 Be7 6. g3 O-O 7. Bg2 c6 8. O-O
a6 9. h3 b5 10. c5 dxc5 11. dxe5 Ne8 12. Ne2 Nc7 13. Nf4 Re8 14. b3 Bf8 15. Bb2
a5 16. a4 Nb6 17. Qc2 Na6 18. Rfd1 Qc7 19. axb5 Nb4 20. Qd2 Be6 $2 21. Nxe6
fxe6 22. bxc6 Qxc6 23. Rac1 Qb7 24. Qe2 a4 25. bxa4 Rxa4 26. Qb5 Rea8 27. Ng5
Na2 28. Rb1 Rb4 29. Qd3 c4 30. Qc2 c3 31. Ba1 Qe7 32. h4 h6 33. Nh3 Ra3 34. Nf4
Rxb1 35. Qxb1 Nb4 36. Bxc3 Rxc3 37. Rd6 Nc8 38. Qxb4 Rc1+ 39. Kh2 Nxd6 40. exd6
Qxd6 41. Qb3 Be7 42. Bh3 Kh8 43. Bxe6 Qb4 44. Ng6+ Kh7 45. Bg8+ 1-0

[Event "Bielsko Biala op."]
[Site "Bielsko Biala"]
[Date "1990.06.02"]
[Round "11"]
[White "Panczyk, Krzysztof"]
[Black "Skrobek, Ryszard"]
[Result "1-0"]
[WhiteElo "2400"]
[BlackElo "2405"]
[PlyCount "69"]
[EventDate "1990.05.??"]
[EventType "swiss"]
[EventRounds "11"]
[EventCountry "POL"]

1. d4 Nf6 2. c4 c5 3. d5 b5 4. cxb5 a6 5. bxa6 Bxa6 6. Nc3 g6 7. Nf3 Bg7 8. Nd2
Qa5 9. g3 O-O 10. Bg2 d6 11. O-O Nbd7 12. Qc2 Rfb8 13. Re1 Ng4 14. h3 Nge5 15.
Rb1 Ra7 16. f4 Nc4 17. Nxc4 Bxc4 18. Bd2 Ba6 19. b3 c4 20. Na4 Qc7 21. Rec1
cxb3 22. Rxb3 Qd8 23. Rxb8 Qxb8 24. Be3 Rb7 25. Qc8+ Qxc8 26. Rxc8+ Nf8 27. Nb6
Rxb6 28. Rxf8+ Kxf8 29. Bxb6 Bxe2 30. Bf1 Bd1 31. Bb5 e6 32. a4 Bb3 33. Bc6
exd5 34. a5 Bc4 35. Bb7 1-0

[Event "POL-ch"]
[Site "Cetniewo"]
[Date "1991.03.01"]
[Round "1"]
[White "Gdanski, Jacek"]
[Black "Panczyk, Krzysztof"]
[Result "0-1"]
[WhiteElo "2420"]
[BlackElo "2415"]
[PlyCount "66"]
[EventDate "1991.03.??"]
[EventType "tourn"]
[EventRounds "13"]
[EventCountry "POL"]
[EventCategory "6"]

1. e4 e5 2. Nf3 Nc6 3. Bb5 a6 4. Bxc6 dxc6 5. Nc3 f6 6. d3 Bd6 7. Be3 Ne7 8.
Nd2 Be6 9. Ne2 O-O 10. O-O Ng6 11. Kh1 Qd7 12. c3 Rad8 13. Qc2 Be7 14. d4 f5
15. f3 Kh8 16. Nb3 fxe4 17. fxe4 b6 18. Ng3 Bc4 19. Rxf8+ Rxf8 20. Nd2 Be6 21.
Qa4 a5 22. Nf3 exd4 23. cxd4 Bg4 24. Ng1 Bh4 25. Rc1 Bxg3 26. hxg3 Ne7 27. d5
Qe8 28. Bg5 Qh5+ 29. Bh4 g5 30. Qd4+ Kg8 31. Qc4 b5 32. Qc5 gxh4 33. d6 cxd6
0-1

[Event "POL-ch"]
[Site "Cetniewo"]
[Date "1991.03.04"]
[Round "4"]
[White "Panczyk, Krzysztof"]
[Black "Kempys, Marek"]
[Result "1-0"]
[WhiteElo "2415"]
[BlackElo "2335"]
[PlyCount "71"]
[EventDate "1991.03.??"]
[EventType "tourn"]
[EventRounds "13"]
[EventCountry "POL"]
[EventCategory "6"]

1. d4 Nf6 2. c4 g6 3. Nc3 Bg7 4. e4 d6 5. Bd3 O-O 6. Nge2 e5 7. d5 Nh5 8. h3 f5
9. exf5 gxf5 10. g4 fxg4 11. hxg4 Bxg4 12. Qc2 h6 13. Be3 Nf4 14. O-O-O Na6 15.
Bxf4 exf4 16. Rdg1 Nb4 17. Bh7+ Kh8 18. Qg6 Qd7 19. Rxg4 Nd3+ 20. Qxd3 Qxg4 21.
Be4 f3 22. Ng3 Rae8 23. Kb1 Re5 24. Bg6 Rg5 25. Be4 a6 26. Nd1 Qf4 27. Nh5 Qe5
28. Bxf3 Qd4 29. Be2 Qxd3+ 30. Bxd3 Be5 31. Kc1 Bd4 32. Ng3 Bg7 33. Kd2 Re8 34.
b3 Kg8 35. Nf5 Rg2 36. Ng3 1-0

[Event "POL-ch"]
[Site "Cetniewo"]
[Date "1991.03.10"]
[Round "9"]
[White "Grabarczyk, Bogdan"]
[Black "Panczyk, Krzysztof"]
[Result "0-1"]
[WhiteElo "2325"]
[BlackElo "2415"]
[PlyCount "80"]
[EventDate "1991.03.??"]
[EventType "tourn"]
[EventRounds "13"]
[EventCountry "POL"]
[EventCategory "6"]

1. e4 e5 2. f4 Bc5 3. Nf3 d6 4. c3 Nf6 5. d4 exd4 6. cxd4 Bb6 7. Nc3 O-O 8. Bd3
Bg4 9. Be3 Nc6 10. Bc2 Bxf3 11. gxf3 Nh5 12. O-O f5 13. Nd5 Ne7 14. Nxb6 axb6
15. Kh1 d5 16. Bf2 Nxf4 17. Bg3 Nfg6 18. Qd2 Qd7 19. e5 f4 20. Bf2 Qh3 21. Qe2
Nf5 22. Rg1 Rae8 23. Rg4 Kh8 24. Bb3 c5 25. Bxd5 cxd4 26. Qf1 Qxf1+ 27. Rxf1
Rxe5 28. Be4 Ne3 29. Bxe3 dxe3 30. Bxg6 hxg6 31. Rxg6 Rd8 32. Re1 Rd2 33. Rg4
Rh5 34. h4 g5 35. Rxg5 Rxh4+ 36. Kg1 Rdh2 37. Kf1 Rxb2 38. Kg1 Rbh2 39. Kf1
Rxa2 40. Kg1 Rah2 0-1

[Event "Geteborg 1992"]
[Site "Geteborg"]
[Date "1992.06.04"]
[Round "9"]
[White "Panczyk, Krzysztof"]
[Black "Agrest, Evgenij"]
[Result "1-0"]
[WhiteElo "2425"]
[BlackElo "2485"]
[PlyCount "47"]
[EventDate "1992.05.??"]
[EventType "tourn"]
[EventRounds "9"]
[EventCountry "SWE"]
[EventCategory "6"]

1. d4 f5 2. g3 Nf6 3. Bg2 e6 4. Nh3 Be7 5. O-O O-O 6. c4 d6 7. Nc3 c6 8. e4
fxe4 9. Nxe4 Nxe4 10. Bxe4 Nd7 11. Qc2 Nf6 12. Bd3 Kh8 13. Ng5 h6 14. Nf3 Nd7
15. Qe2 c5 16. Qe4 Nf6 17. Qg6 Qe8 18. Nh4 Qf7 19. dxc5 dxc5 20. Bf4 Bd7 21.
Be5 Qg8 22. Bc2 Be8 23. Qxe8 Rfxe8 24. Ng6+ 1-0

[Event "II liga gr pn"]
[Site "Lublin"]
[Date "1999.09.12"]
[Round "2"]
[White "Panczyk, Krzysztof"]
[Black "Kiedrowicz, Jan"]
[Result "1-0"]
[WhiteElo "2333"]
[BlackElo "2372"]
[PlyCount "65"]
[EventDate "1999.09.??"]
[EventType "team"]
[EventRounds "10"]
[EventCountry "POL"]

1. d4 Nf6 2. c4 c5 3. d5 e5 4. Nc3 d6 5. e4 Be7 6. Bd3 Nbd7 7. Nge2 h5 8. a3 h4
9. f3 Nf8 10. b4 b6 11. bxc5 bxc5 12. Rb1 Ng6 13. Bc2 O-O 14. Ba4 Ba6 15. Bc6
Rb8 16. Rxb8 Qxb8 17. Qa4 Bc8 18. O-O Nh5 19. Be3 Nhf4 20. Bxf4 exf4 21. Rb1
Qc7 22. Nb5 Qd8 23. Nxa7 h3 24. Nxc8 Bh4 25. Bd7 f5 26. Bxf5 Rxf5 27. exf5 Qg5
28. Qe8+ Nf8 29. Nxf4 Qxf4 30. Qe4 Qg5 31. f4 Qd8 32. Rb8 Qc7 33. Qe8 1-0

[Event "II liga gr pn"]
[Site "Lublin"]
[Date "1999.09.13"]
[Round "4"]
[White "Panczyk, Krzysztof"]
[Black "Shishkin, Vadim"]
[Result "1-0"]
[WhiteElo "2333"]
[BlackElo "2475"]
[Annotator "Krzysztof Panczyk"]
[PlyCount "85"]
[EventDate "1999.09.??"]
[EventType "team"]
[EventRounds "10"]
[EventCountry "POL"]

1. d4 g6 2. e4 Bg7 3. c4 d6 4. Nc3 Nc6 5. Be3 e5 6. d5 Nd4 7. Nge2 Nxe2 8. Bxe2
Ne7 9. c5 O-O 10. O-O f5 11. cxd6 cxd6 12. f3 f4 13. Bf2 Bd7 14. Qb3 (14. Nb5)
14... Qb8 15. Rac1 Rc8 16. Bb5 Qc7 17. Bxd7 Qxd7 18. Qb5 Rd8 19. Qxd7 Rxd7 20.
Nb5 b6 21. Rc3 Rc8 22. Rxc8+ Nxc8 23. Rc1 Ne7 24. Bh4 Bf8 25. Bxe7 Bxe7 26.
Rc8+ Kf7 27. Ra8 a5 28. a4 h5 29. Kf1 g5 30. h3 Bd8 31. Ke2 Be7 32. Kd3 g4 33.
fxg4 hxg4 34. hxg4 Bf8 35. Ra7 Ke8 36. Rxd7 Kxd7 37. g5 Ke7 38. Ke2 Kf7 39. Kf3
Be7 40. Kg4 Kg6 41. b3 Bf8 42. Nc7 Be7 43. Ne6 1-0

[Event "Memorial Gawlikowskiego"]
[Site "Warszawa"]
[Date "2003.12.21"]
[Round "10"]
[White "Panczyk, Krzysztof"]
[Black "Zhigadlo, Andrej"]
[Result "1-0"]
[WhiteElo "2341"]
[BlackElo "2460"]
[PlyCount "87"]
[EventDate "2003.12.20"]
[EventType "swiss (rapid)"]
[EventRounds "13"]

1. d4 Nf6 2. c4 g6 3. Nc3 d6 4. e4 Bg7 5. Bd3 O-O 6. Nge2 Nbd7 7. O-O c5 8. b3
a6 9. Bb2 Qa5 10. Nd5 e6 11. Ne7+ Kh8 12. Nxc8 Raxc8 13. Qe1 Qc7 14. Rd1 b6 15.
Qd2 Qb7 16. e5 dxe5 17. dxe5 Ng4 18. f4 Rcd8 19. Ng3 Nh6 20. Be4 Qc8 21. Qe2 f5
22. exf6 Nxf6 23. Bf3 Nf5 24. Nxf5 exf5 25. Rfe1 Rfe8 26. Be5 h5 27. Qb2 Rf8
28. Rxd8 Qxd8 29. Rd1 Qe7 30. Rd6 Kh7 31. Rxb6 Nd7 32. Rb7 Rf7 33. Bd5 Qh4 34.
g3 Nxe5 35. gxh4 Rxb7 36. fxe5 Re7 37. Qd2 (37. Qa3) 37... Bxe5 38. Bf3 Bd4+
39. Kg2 Re3 40. b4 f4 41. bxc5 Bxc5 42. Qd7+ Kh6 43. Qc8 Bd4 44. Qf8+ 1-0